Démonstration catholique contre le positivisme, le matérialisme et la libre pensée de MM. Littré, Robin, Renan, Taine, Soury, About, Moleschott, Vogt, Büchner, Darwin, Tyndall, Spencer, Haeckel, Draper, etc. / par M. l'abbé Pernet chanoine de Belley ancien professeur de dogme

Detalles Bibliográficos
Autor principal: Pernet, Alexis
Formato: Libro
Lenguaje:French
Publicado: Paris : Bray et Retaux, libraires-éditeurs, 1881.
Materias:
Colección:Banco de datos
Acervo:Seminario Conciliar de Nuestra Señora de Guadalupe Querétaro. Qro.. Biblioteca Florencio Rosas. Fondo Histórico
Descripción Física:2 t. ; 23 cm.
Tema general:Apologética
Notas:Texto con signaturas y notas a pie de página. Colofón: Paris. Typographie E. Plon et Cie, 8, rue Garancière. Cada tomo con portada y paginación propias. Los t. 1 y 2 publicados en 1881. Paginación: t. 1 [2] h., 522 p.; t. 2 [2] h., 523 p. Encuadernación holandesa (4994-4995)
LEADER 01114nam a22001810004500
035 |a 1900 
041 0 |a fre 
100 1 |a Pernet, Alexis 
245 1 0 |a Démonstration catholique contre le positivisme, le matérialisme et la libre pensée de MM. Littré, Robin, Renan, Taine, Soury, About, Moleschott, Vogt, Büchner, Darwin, Tyndall, Spencer, Haeckel, Draper, etc. / par M. l'abbé Pernet chanoine de Belley ancien professeur de dogme 
260 |a Paris : Bray et Retaux, libraires-éditeurs, 1881. 
300 |a 2 t. ; 23 cm. 
500 |a Texto con signaturas y notas a pie de página. Colofón: Paris. Typographie E. Plon et Cie, 8, rue Garancière. Cada tomo con portada y paginación propias. Los t. 1 y 2 publicados en 1881. Paginación: t. 1 [2] h., 522 p.; t. 2 [2] h., 523 p. Encuadernación holandesa (4994-4995) 
504 |a Incluyen índice de contenido 
650 1 0 |a Apologética 
949 |a Fondo Histórico: t. 1 (4994); t. 2 (4995) 
942 |c Q.R.H.T 
943 |g Seminario Conciliar de Nuestra Señora de Guadalupe Querétaro. Qro.. Biblioteca Florencio Rosas. Fondo Histórico 
999 |c 1083355  |d 1083355